000 00821cab a22002415a 4500
001 L159853
008 150113e2017 xxk 000 0 eng d
035 _a(Sirsi) u159853
041 0 _aeng
050 _218
100 1 _aFitton, Richard
245 0 0 _aPoor performance
_h[electronic resource]
260 _aLondon
_bRICS
_c2017
490 _aRICS Building Surveying Journal
_vJuly - August 2017, 19(1)
520 _aReports on research conducted to narrow the gap between the modelled and actual energy performance of retrofitted dwellings.
650 2 4 _aENERGY PERFORMANCE
650 2 4 _aRETROFITTING
651 4 _aUnited Kingdom
_y
690 _aEnergy
_96237
856 4 0 _uhttps://issuu.com/ricsmodus/docs/building_surveying_journal_july___a
_z
_yAvailable free online via Issuu
856 4 0 _u
_z
942 _n0
999 _c85016
_d85016